| 000 | 01127cam a22002773 4500 | ||
|---|---|---|---|
| 001 | 8567 | ||
| 010 | _a9791032003459 | ||
| 090 | _a8567 | ||
| 099 | _tLIVR | ||
| 100 | _a20220121d2021 m y0frey50 ba | ||
| 101 | 0 | _afre | |
| 102 | _aFR | ||
| 200 | 1 |
_aCombats pour la culture, culture du combat _bLIVR _eScènes artistiques et sociétés en mouvement dans le monde arabo-méditerranéen _fCatherine Miller _gGilles Suzanne _gYannick Butel |
|
| 210 |
_aFrance _cPresses Universitaires de Provence _d4è trimestre 2021 |
||
| 215 |
_a1 vol. (204 p.) _d23 cm |
||
| 300 | _aNotes bibliogr. | ||
| 461 | 0 |
_044372228 _tIncertains regards. Hors-série _x2428-8543 _v(2021)hs 3 |
|
| 606 |
_312507887 _aArts et politique _311931634 _yPays arabes _922731 |
||
| 606 |
_313318618 _aPolitique culturelle _311932244 _yLiban _313536525 _z2000-.... _922732 |
||
| 606 |
_313162689 _aThéâtre _311931634 _yPays arabes _922733 |
||
| 702 |
_314376906 _aMiller _bCatherine _4340 _9380 |
||
| 702 |
_316673638 _aSuzanne _bGilles _4340 _922734 |
||
| 702 |
_313602690 _aButel _bYannick _4340 _922735 |
||
| 801 | 0 |
_aFR _bFR-751131015 _c20220121 _gAFNOR |
|
| 801 | 0 |
_aTN _b32 BIS |
|
| 830 | _aMS | ||